00417nam a2200169Ia 4500003000400000005001700004008004100021040000700062041001200069082001700081100003200098245002400130260004300154300001200197700001700209700002100226OSt20230503114228.0230503b ||||| |||| 00| 0 eng d cAL aEnglish a657.046 SHUA aM C SHUKLA and T S GREWAL  aAdvanced accounts  aNew DelhibS. Chand & Co. Ltd.c 1969  avii,561 aSHUKLA (M C) aand GREWAL (T S)